000 00605nam a2200205Ia 4500
005 20250923144359.0
008 008 250917s9999 xx 000 0 eng d
037 _aTextual
040 _aDSWL
_beng
_cDSWL
041 _aeng
_2eng
084 _aY:411:6.3'N3t, N31
_qDSWL
100 _aBowley, A.L.
_9824315
245 4 _aThe social and economic aspects of the drink problem
_cby A.L. Bowley
260 _aLondon
_bVictor Gollancz
_c1931
300 _a180 p.
365 _aINR
_b5
925 _g5
942 _cTEXL
_hY:411:6.3'N3t, N31
999 _c1438133
_d1438133